[Event "Belt Road Women 2019"]
[Site "Shaoxing"]
[Date "2019.07.11"]
[Round "4.6"]
[White "Lei, Tingjie"]
[Black "Guo, Qi"]
[Result "1/2-1/2"]
[WhiteElo "2505"]
[BlackElo "2375"]
[Annotator "RC"]
[PlyCount "64"]
[EventDate "2019.07.08"]
[EventType "swiss"]
[EventCountry "CHN"]
[TimeControl "5400+30"]

1. e4 {[%emt 0:00:00]} e5 {[%emt 0:00:00]} 2. Nf3 {[%emt 0:00:00]} Nf6 {[%emt 0:00:00]} 3. Nxe5 {[%emt 0:00:31]} d6 {[%emt 0:00:00]} 4. Nf3 {[%emt 0:00:36]} Nxe4 {[%emt 0:00:04]} 5. d4 {[%emt 0:00:11]} d5 {[%emt 0:00:10]} 6. Bd3 {[%emt 0:00:24]} Bf5 {[%emt 0:01:34]} 7. O-O {[%emt 0:00:44]} Be7 {[%emt 0:00:05]} 8. Nc3 {[%emt 0:08:37]} O-O {[%emt 0:03:14]} 9. Ne5 {[%emt 0:01:51]} Nxc3 {[%emt 0:01:54]} 10. bxc3 {[%emt 0:00:07]} Bxd3 {[%emt 0:00:16]} 11. cxd3 {[%emt 0:00:06]} Nc6 {[%emt 0:02:53]} 12. Rb1 {[%emt 0:10:02]} Bd6 {[%emt 0:07:18]} 13. Nxc6 {[%emt 0:08:01]} bxc6 {[%emt 0:00:15]} 14. Qa4 {[%emt 0:00:21]} c5 {[%emt 0:04:06]} 15. dxc5 {[%emt 0:04:18]} Bxc5 {[%emt 0:00:59]} 16. d4 {[%emt 0:00:29]} Bb6 {[%emt 0:01:24]} 17. Ba3 {[%emt 0:03:17]} Re8 {[%emt 0:01:59]} 18. Rfe1 {[%emt 0:00:42]} Re6 {[%emt 0:05:58]} 19. Rxe6 {[%emt 0:09:32]} fxe6 {[%emt 0:00:11]} 20. Re1 {[%emt 0:00:41]} Qe8 {[%emt 0:00:06]} 21. Qd1 {[%emt 0:00:30]} Qf7 {[%emt 0:09:18]} 22. g3 {[%emt 0:04:16]} Rc8 {[%emt 0:04:53]} 23. Qg4 {[%emt 0:13:04]} Re8 {[%emt 0:00:45]} 24. Re5 {[%emt 0:04:04]} c6 {[%emt 0:01:40]} 25. Qe2 {[%emt 0:00:06]} Qd7 {[%emt 0:03:25]} 26. f4 {[%emt 0:03:54]} g6 {[%emt 0:00:43]} 27. h4 {[%emt 0:02:18]} Bc7 {[%emt 0:00:06]} 28. Re3 {[%emt 0:01:05]} h5 {[%emt 0:04:22]} 29. Qc2 {[%emt 0:05:20]} Kf7 {[%emt 0:00:30]} 30. Qe2 {[%emt 0:01:49]} Kg8 {[%emt 0:03:03]} 31. Kg2 {[%emt 0:02:09]} Kg7 {[%emt 0:00:59]} 32. Kg1 {[%emt 0:02:53]} Kg8 {[%emt 0:00:07]} 1/2-1/2

[Event "Belt Road Women 2019"]
[Site "Shaoxing"]
[Date "2019.07.11"]
[Round "4.7"]
[White "Pratyusha, Bodda"]
[Black "Harika, Dronavalli"]
[Result "1/2-1/2"]
[WhiteElo "2265"]
[BlackElo "2492"]
[Annotator "TA"]
[PlyCount "90"]
[EventDate "2019.07.08"]
[EventType "swiss"]
[EventCountry "CHN"]
[SourceTitle "playchess.com"]
[Source "ChessBase"]
[SourceQuality "1"]

{[%evp 17,90,-10,11,-20,-17,-17,0,0,2,8,0,-2,0,-33,-18,-35,-16,-43,-6,-11,0,-4,0,0,0,0,0,-17,-20,-28,-28,-28,-28,-28,-28,-28,-26,-26,-27,-32,-29,-30,-30,-30,-30,-39,-27,-32,-9,-31,-14,-14,-14,-14,-14,-12,-9,-9,-9,-12,-9,-9,-9,-68,-68,-116,-88,-88,-88,-177,-102,-168,-102,-102,-102]} 1. d4 e6 2. c4 Nf6 3. Nc3 Bb4 4. e3 O-O 5. Bd2 d5 6. Nf3 b6 7. cxd5 exd5 8. Bd3 Bb7 9. O-O Nbd7 10. Ne5 {E52: Nimzo-Indian: Rubinstein: 4...0-0 5 Nf3 d5 6 Bd3 b6} (10. Rc1 Be7 11. Ne5 c5 12. f4 Ne4 13. Be1 Ndf6 14. Bh4 cxd4 15. exd4 Rc8 16. Bxf6 Nxf6 17. Qe2 Bb4 18. Nb5 {0-1 (41) Bauer,C (2630)-Kryvoruchko,Y (2705) Switzerland 2018}) 10... Nxe5 11. dxe5 Bxc3 12. Bxc3 {The position is equal.} Ne4 13. Bxe4 dxe4 14. Qxd8 $146 ({Predecessor:} 14. Qg4 Qe7 15. Rfd1 Qe6 16. Qh4 Rfe8 17. Rd4 h6 {1-0 (64) Schneider,A (2355)-Volosin,V (2310) Hungary 1993}) 14... Rfxd8 15. Rfd1 Kf8 16. Kf1 c5 17. Ke1 Bd5 18. b4 Ke8 19. bxc5 bxc5 20. Ba5 Rd7 21. Rac1 Rc8 22. Bb4 (22. Rd4 {looks sharper.} Ke7 23. Ra4 Ke6 24. Bc3 h5 25. Ba1) 22... Bxa2 23. Rxd7 Kxd7 24. Rxc5 Rxc5 25. Bxc5 $11 {[%mdl 4096] Endgame KB-KB} a5 26. Kd2 Ke6 27. Kc3 g5 28. Kd4 Bd5 29. Bb6 a4 30. Bc5 Bb7 31. Ba3 h5 32. Bb2 h4 33. Kc5 Bd5 34. Kd4 Bc6 35. Kc5 Bd7 36. Kd4 Kf5 37. Ba3 Bb5 38. Bd6 Be2 39. Be7 Bf1 40. g3 (40. Kc3 $1 $11) 40... h3 $1 $15 41. e6 fxe6 42. g4+ Kxg4 43. Bd6 (43. Kxe4 $17 {was necessary.} Bg2+ 44. Kd3) 43... Kf5 (43... Kf3 $19 {And now ...Be2 would win.} 44. Bg3 a3) 44. Bg3 (44. Kc3 $17) 44... Be2 (44... a3 $19 45. Kc3 {[#]} Bc4 $1 {[%mdl 576] Promotion}) 45. Kc3 $17 Kf6 {Accuracy: White = 51%, Black = 58%.} 1/2-1/2

[Event "Belt Road Women 2019"]
[Site "Shaoxing"]
[Date "2019.07.11"]
[Round "4.8"]
[White "Batsiashvili, Nino"]
[Black "Zhang, Lanlin"]
[Result "0-1"]
[WhiteElo "2433"]
[BlackElo "2195"]
[Annotator "NA"]
[PlyCount "99"]
[EventDate "2019.07.08"]
[EventType "swiss"]
[EventCountry "CHN"]
[SourceTitle "playchess.com"]
[Source "ChessBase"]
[SourceQuality "1"]
[TimeControl "5400+30"]

1. c4 {[%emt 0:00:00]} e5 {[%emt 0:00:32]} 2. Nc3 {[%emt 0:00:00]} c5 {[%emt 0:00:20]} 3. e3 {[%emt 0:02:33]} Nc6 {[%emt 0:00:19]} 4. Nf3 {[%emt 0:00:09]} d6 {[%emt 0:04:03]} 5. d4 {[%emt 0:02:53]} cxd4 {[%emt 0:00:25]} 6. exd4 {[%emt 0:00:13]} Bg4 {[%emt 0:00:04]} 7. Be2 {[%emt 0:02:19]} Nf6 {[%emt 0:08:12]} 8. Be3 {[%emt 0:05:58]} Be7 {[%emt 0:02:56]} 9. O-O {[%emt 0:04:29]} O-O {[%emt 0:00:33]} 10. d5 {[%emt 0:04:50]} Na5 {[%emt 0:04:45]} 11. Nd2 {[%emt 0:11:06]} Bxe2 {[%emt 0:03:42]} 12. Qxe2 {[%emt 0:01:12]} b6 {[%emt 0:00:06]} 13. f4 {[%emt 0:11:35]} Nd7 {[%emt 0:04:51]} 14. f5 {[%emt 0:01:40]} Bg5 {[%emt 0:06:01]} 15. Bxg5 {[%emt 0:01:32]} Qxg5 {[%emt 0:00:06]} 16. Nce4 {[%emt 0:01:22]} Qe7 {[%emt 0:00:07]} 17. f6 {[%emt 0:01:16]} gxf6 {[%emt 0:15:50]} 18. Ng3 {[%emt 0:03:53]} Kh8 {[%emt 0:01:12]} 19. Nf5 {[%emt 0:00:11]} Qd8 {[%emt 0:00:03]} 20. Rf3 {[%emt 0:02:24]} Rg8 {[%emt 0:00:58]} 21. Nxd6 {[%emt 0:01:15]} Qf8 {[%emt 0:00:43]} 22. N2e4 {[%emt 0:00:42]} Rb8 {[%emt 0:04:14]} 23. Raf1 {[%emt 0:02:27]} Rg6 {[%emt 0:00:49]} 24. b4 {[%emt 0:01:29]} Nb7 {[%emt 0:00:05]} 25. Nxb7 {[%emt 0:00:11]} Rxb7 {[%emt 0:00:03]} 26. d6 {[%emt 0:00:15]} a5 {[%emt 0:02:59]} 27. a3 {[%emt 0:06:39]} axb4 {[%emt 0:00:18]} 28. axb4 {[%emt 0:00:00]} Ra7 {[%emt 0:00:06]} 29. Rg3 {[%emt 0:12:07]} Kg7 {[%emt 0:03:59]} 30. Qf3 {[%emt 0:02:20]} Qa8 {[%emt 0:00:34]} 31. h4 {[%emt 0:05:16]} Ra1 {[%emt 0:04:55]} 32. h5 {[%emt 0:00:44]} Rxf1+ {[%emt 0:00:06]} 33. Qxf1 {[%emt 0:00:11]} Qxe4 {[%emt 0:10:56]} 34. hxg6 {[%emt 0:00:02]} hxg6 {[%emt 0:00:06]} 35. Kh2 {[%emt 0:00:35]} f5 {[%emt 0:01:00]} 36. Qd3 {[%emt 0:00:22]} Qf4 {[%emt 0:01:00]} 37. Qc3 {[%emt 0:08:25]} Nf6 {[%emt 0:01:18]} 38. Qe1 {[%emt 0:02:29]} Qh4+ {[%emt 0:02:48]} 39. Kg1 {[%emt 0:00:53]} Qd4+ {[%emt 0:00:16]} 40. Qf2 {[%emt 0:01:57]} Qd1+ {[%emt 0:05:28]} 41. Kh2 {[%emt 0:00:48]} f4 {[%emt 0:00:28]} 42. Rg5 {[%emt 0:01:08]} Ne4 {[%emt 0:00:28]} 43. Qb2 {[%emt 0:01:07]} Nxg5 {[%emt 0:00:55]} 44. Qxe5+ {[%emt 0:00:02]} f6 {[%emt 0:00:54]} 45. Qe7+ {[%emt 0:00:27]} Nf7 {[%emt 0:00:21]} 46. d7 {[%emt 0:00:10]} Qd2 {[%emt 0:00:34]} 47. Kh1 {[%emt 0:01:10]} g5 {[%emt 0:00:19]} 48. c5 {[%emt 0:00:41]} bxc5 {[%emt 0:00:04]} 49. bxc5 {[%emt 0:00:03]} g4 {[%emt 0:00:02]} 50. Kh2 {[%emt 0:01:02]} 0-1

[Event "Belt Road Women 2019"]
[Site "Shaoxing"]
[Date "2019.07.11"]
[Round "4.9"]
[White "Ni, Shiqun"]
[Black "Song, Yuxin"]
[Result "1/2-1/2"]
[WhiteElo "2407"]
[BlackElo "2277"]
[Annotator "TA"]
[PlyCount "40"]
[EventDate "2019.07.08"]
[EventType "swiss"]
[EventCountry "CHN"]
[SourceTitle "playchess.com"]
[Source "ChessBase"]
[SourceQuality "1"]

{[%evp 13,40,0,0,0,0,-12,0,0,1,0,4,0,12,8,6,-27,-30,-30,-29,-31,-38,-88,-42,-40,0,-82,0,-61,0]} 1. d4 Nf6 2. Nf3 d5 3. Bf4 c5 4. e3 Nc6 5. Nbd2 e6 6. c3 Bd6 7. Bg3 O-O 8. Bb5 {D02: 1 d4 d5 2 Nf3 sidelines, including 2...Nf6 3 g3 and 2...Nf6 3 Bf4} Be7 (8... cxd4 9. exd4 Ne7 10. Bd3 Ng6 11. O-O Bxg3 12. fxg3 b5 13. Qe2 Qb6 14. Ng5 b4 15. Ndf3 h6 {½-½ (34) Naroditsky,D (2616)-Mamedyarov,S (2817) chess.com INT 2019}) 9. Bd3 b6 10. Ne5 {The position is equal.} Bb7 11. Qe2 $146 ({Predecessor:} 11. f4 c4 12. Bc2 b5 13. a3 a5 14. O-O g6 15. Bh4 Ne8 16. Nxc6 Bxc6 17. Bxe7 Qxe7 {½-½ (101) Sarana,A (2577)-Mikaelyan,A (2486) Moscow 2018}) 11... a5 12. a4 Nd7 13. f4 f5 $36 {[%mdl 2048] Black is pushing.} 14. h4 Nf6 15. h5 Nxe5 16. fxe5 Ne4 17. Qf3 Ng5 18. Qe2 Ne4 19. Qf3 Ng5 20. Qe2 Ne4 {Accuracy: White = 66%, Black = 40%.} (20... cxd4 $15 21. exd4 Ne4) 1/2-1/2

[Event "Belt Road Women 2019"]
[Site "Shaoxing"]
[Date "2019.07.11"]
[Round "4.10"]
[White "Munkhzul, Turmunkh"]
[Black "Li, Yunshan"]
[Result "1-0"]
[WhiteElo "2386"]
[BlackElo "2254"]
[Annotator "TA"]
[PlyCount "26"]
[EventDate "2019.07.08"]
[EventType "swiss"]
[EventCountry "CHN"]
[SourceTitle "playchess.com"]
[Source "ChessBase"]
[SourceQuality "1"]

{[%evp 9,26,-12,0,10,4,-22,-22,-14,-6,-17,-18,-39,10,3,13,-54,28,0,0]} 1. e4 e5 2. Nf3 Nc6 3. Bb5 Nf6 4. Qe2 Bc5 5. d3 Nd4 6. Nxd4 {C65: Ruy Lopez: Berlin Defence (3...Nf6), unusual lines and 4 0-0 Bc5} Bxd4 7. Nd2 c6 8. Bc4 d6 $146 ({Predecessor:} 8... O-O 9. Nf3 d5 10. Bb3 dxe4 11. dxe4 Bg4 12. h3 Bh5 {1-0 (68) Savchenko,B (2638)-Simonian,H (2513) St Petersburg 2009}) 9. Nf3 Bb6 10. Bd2 Be6 11. O-O-O Qe7 12. Bb4 (12. Bxe6 $11 Qxe6 13. Kb1) 12... c5 (12... a5 $15 13. Ba3 Nd7) 13. Bc3 Bc7 {[%mdl 32768] Accuracy: White = 26%, Black = 35%. . Loss on time!?} 1-0

[Event "Belt Road Women 2019"]
[Site "Shaoxing"]
[Date "2019.07.11"]
[Round "4.11"]
[White "Li, Xueyi"]
[Black "Gu, Tianlu"]
[Result "1-0"]
[WhiteElo "2330"]
[BlackElo "2205"]
[Annotator "TA"]
[PlyCount "121"]
[EventDate "2019.07.08"]
[EventType "swiss"]
[EventCountry "CHN"]
[SourceTitle "playchess.com"]
[Source "ChessBase"]
[SourceQuality "1"]

{[%evp 23,121,17,14,21,18,12,12,12,28,29,41,51,52,57,43,33,33,33,33,33,32,33,34,33,78,65,65,65,110,110,110,110,110,110,126,126,127,112,173,173,207,224,339,325,613,613,613,613,613,604,604,566,1008,969,887,727,1213,867,1264,512,841,516,502,500,1687,1824,29967,29968,29971,29973,29973,29974,29974,29975,29975,29976,29977,29975,29976,29976,29976,0,29977,29978,29978,29977,29979,29979,29979,29978,29979,29978,29981,29982,29982,29983,29983,29981,29981,29982]} 1. d4 Nf6 2. c4 e6 3. g3 d5 4. Bg2 dxc4 5. Nf3 c5 6. O-O Nc6 7. dxc5 Qxd1 8. Rxd1 Bxc5 9. Nbd2 {[%cal Bb1d2,Bd2b3,Bb3c5][%mdl 32]} c3 10. bxc3 O-O 11. Nb3 Be7 12. Nfd4 Bd7 13. Bg5 {E04: Open Catalan: 5 Nf3} (13. Nxc6 Bxc6 14. Bxc6 bxc6 15. c4 Rfb8 16. Bd2 Rb6 17. Rac1 c5 18. Be3 Rc6 19. Rc2 Kf8 20. f3 Ke8 {½-½ (52) So,W (2780)-Vidit,S (2718) chess.com INT 2018}) 13... Rfd8 14. Bxf6 Bxf6 15. Nc5 {The position is equal.} Nxd4 16. cxd4 Bc6 17. Bxc6 bxc6 18. e3 e5 19. Ne4 exd4 20. Nxf6+ gxf6 21. exd4 $146 {[%mdl 4096] Endgame KRR-KRR} ({Predecessor:} 21. Rxd4 Rxd4 22. exd4 Rd8 23. Rc1 Rxd4 24. Rxc6 {½-½ (24) Rosado Montanez,J-Wosch,A LSS email 2007}) 21... Rab8 22. Rac1 Rd6 23. Rc4 Rbd8 24. Kg2 Kg7 25. Rd3 a5 26. Ra3 Rxd4 27. Rxc6 Ra8 28. Rf3 Rd2 29. Rcxf6 Ra7 30. a4 {[%cal Ba2a4,Ba4a5,Ba5a6][%mdl 32]} Rb2 (30... Rd4 $16 {is a better defense.}) 31. R6f5 Rb4 32. R3f4 Kg6 {[#]} (32... Rab7 {was necessary.} 33. Rxa5 Rxf4 34. gxf4 Rb4) 33. Rxa5 $1 $18 {[%mdl 512]} Rxf4 $2 (33... Rxa5 34. Rxb4 Kf6) 34. Rxa7 {KR-KR} Rb4 35. a5 Ra4 36. Ra8 Kf6 37. a6 Ra3 38. g4 Kg7 39. f3 Kf6 40. Kg3 Ra4 41. Ra7 (41. h4 $142 h6 42. a7) 41... Kg7 (41... Ra5 $142 42. Ra8 Rg5) 42. g5 Kg6 43. h4 Ra5 (43... h6 $142 44. gxh6 Kxh6) 44. Ra8 Kg7 45. a7 h6 46. gxh6+ Kh7 47. Kg4 Ra3 48. Kf4 Ra5 49. Ke4 Ra3 50. Ke5 Re3+ 51. Kd5 Rd3+ 52. Ke4 Ra3 53. f4 {White mates.} Ra5 54. Kd4 Ra4+ 55. Kd5 Ra6 56. Kc5 Ra1 57. Kd6 Ra4 58. f5 Ra6+ 59. Ke7 f6 60. Kf7 Ra5 61. Kxf6 {Accuracy: White = 77%, Black = 39%.} 1-0

[Event "Belt Road Women 2019"]
[Site "Shaoxing"]
[Date "2019.07.11"]
[Round "4.12"]
[White "Khademalsharieh, Sarasadat"]
[Black "Fominykh, Maria"]
[Result "1-0"]
[WhiteElo "2481"]
[BlackElo "2243"]
[Annotator "TA"]
[PlyCount "101"]
[EventDate "2019.07.08"]
[EventType "swiss"]
[EventCountry "CHN"]
[SourceTitle "playchess.com"]
[Source "ChessBase"]
[SourceQuality "1"]

{[%evp 18,101,26,22,39,-7,-16,-18,-8,-16,-7,-4,-10,-12,0,0,0,5,21,29,47,51,31,7,69,69,69,77,70,66,71,72,78,80,75,78,65,61,65,63,78,64,101,105,109,95,133,147,247,180,163,102,154,120,139,110,110,112,154,160,224,203,220,221,203,35,325,381,332,202,191,0,347,344,340,264,337,329,390,370,352,354,29993,29994,29996,29997]} 1. d4 Nf6 2. c4 g6 3. g3 Bg7 4. Bg2 O-O 5. Nc3 d6 6. Nf3 Nc6 7. O-O e5 8. dxe5 dxe5 9. Bg5 Be6 10. Qa4 Qc8 {E62: King's Indian: Fianchetto: 6...c6 and Panno Variation (6...Nc6) without ...a6} (10... Qb8 11. Bxf6 Bxf6 12. Nd2 Bg7 13. Rfd1 Rd8 14. Nb3 Nd4 15. Nc5 c6 16. e3 Bg4 17. exd4 exd4 18. N3e4 Bxd1 19. Rxd1 {1-0 (32) Carlsen,M (2835)-Firouzja,A (2607) St Petersburg 2018}) 11. Rfd1 Nd7 12. Nd5 e4 {The position is equal.} 13. Nd2 f5 (13... Bxb2 14. Rab1 $14) 14. Qxc6 {[%mdl 64] [#] Remove Defender} bxc6 15. Ne7+ {[%mdl 64] Double Attack} Kh8 16. Nxc8 Raxc8 17. Rab1 Ne5 $146 ({Predecessor:} 17... h6 18. Be3 g5 19. f3 f4 20. gxf4 gxf4 {0-1 (20) Larsen,S (2351)-Bohak,J (2243) ICCF email 2004}) 18. b3 h6 19. Be3 Rfd8 20. f3 Rd7 (20... Rd6 $11) 21. Nf1 $1 $14 exf3 22. exf3 Nd3 23. f4 c5 24. Bd5 Bxd5 25. Rxd3 {[%mdl 64] [#] Pin} Be4 26. Rxd7 Bxb1 27. Bxc5 Bxa2 28. Nd2 (28. Bxa7 Bxb3 29. Nd2 Ba4 $11) 28... Kg8 29. Bd4 Bf8 30. Kf2 a5 31. Bc3 Ra8 32. Rxc7 a4 (32... g5 $16 33. fxg5 hxg5) 33. bxa4 Rxa4 34. Ke2 (34. h4 $18) 34... Ra3 ({Better is} 34... g5) 35. Bb2 Ra6 36. Rc8 Kf7 37. Nf3 {Black must now prevent Ne5+.} Bb4 38. Ne5+ Ke7 (38... Ke6 $16 39. Rg8 Ke7 40. Nxg6+ Kf7 41. Rg7+ Ke8) 39. Rc6 $18 Ra4 40. Nxg6+ Ke8 41. Bf6 $2 ({White should play} 41. Ne5 $18) 41... Ra8 $2 {[%mdl 8192]} (41... Ra6 $1 $14 42. Ne5 (42. Rxa6 Bxc4+ 43. Ke3 Bxa6 $14) 42... Rxc6 43. Nxc6 Bxc4+ 44. Ke3 Bc5+ 45. Bd4 Ba3) 42. Ne5 Kf8 43. Rc7 Bd6 44. Rc6 $2 (44. Bg7+ $18 Ke8 45. Rc6 Bxe5 46. Bxe5) 44... Bxe5 $4 {[%mdl 8192]} (44... Bb4 $1 $11 {and Black stays safe.} 45. Rb6 Ba3) 45. fxe5 $11 {[%mdl 4096] Endgame KRB-KRB} ({Don't do} 45. Bxe5 Ra6 $18) 45... Ra6 46. Rc8+ ({Not} 46. Rxa6 Bxc4+ 47. Ke3 Bxa6 $16) 46... Kf7 47. Rc7+ Ke8 48. Ke3 Bb1 49. Kd4 Ra2 $2 (49... h5 $18 50. Re7+ Kf8) 50. e6 {[%cal Rc7c8]} Ra8 51. Rh7 {Accuracy: White = 73%, Black = 40%.} 1-0

[Event "Belt Road Women 2019"]
[Site "Shaoxing"]
[Date "2019.07.11"]
[Round "4.13"]
[White "Pujari, Rucha"]
[Black "Hu, Yu A."]
[Result "1/2-1/2"]
[WhiteElo "2268"]
[BlackElo "2095"]
[Annotator "NA"]
[PlyCount "62"]
[EventDate "2019.07.08"]
[EventType "swiss"]
[EventCountry "CHN"]
[SourceTitle "playchess.com"]
[Source "ChessBase"]
[SourceQuality "1"]
[TimeControl "5400+30"]

1. d4 {[%emt 0:23:01]} Nf6 2. Nf3 {[%emt 0:00:30]} d5 3. g3 {[%emt 0:00:30]} e6 4. Bg2 {[%emt 0:00:30]} Be7 5. O-O {[%emt 0:00:30]} O-O 6. b3 {[%emt 0:00:30]} c5 7. Bb2 {[%emt 0:00:30]} Nc6 8. Nbd2 {[%emt 0:00:30]} Qb6 9. e3 {[%emt 0:00:30]} Rd8 10. Qe2 {[%emt 0:00:30]} a5 11. a3 {[%emt 0:00:30]} a4 {[%emt 0:18:02]} 12. dxc5 {[%emt 0:00:30]} Qxc5 {[%emt 0:00:30]} 13. Rac1 {[%emt 0:00:30]} axb3 {[%emt 0:00:30]} 14. cxb3 {[%emt 0:00:30]} Qb6 {[%emt 0:00:30]} 15. b4 {[%emt 0:00:30]} Bd7 {[%emt 0:00:30]} 16. Rfe1 {[%emt 0:00:30]} Na7 {[%emt 0:00:30]} 17. Bd4 {[%emt 0:00:30]} Qb5 {[%emt 0:00:30]} 18. Qd1 {[%emt 0:00:30]} Qa6 {[%emt 0:00:30]} 19. Bf1 {[%emt 0:00:30]} Bb5 {[%emt 0:00:30]} 20. Bb2 {[%emt 0:00:30]} Bxf1 {[%emt 0:00:30]} 21. Rxf1 {[%emt 0:00:30]} Nb5 {[%emt 0:00:30]} 22. Qb3 {[%emt 0:00:30]} Qa4 {[%emt 0:00:30]} 23. Qxa4 {[%emt 0:00:30]} Rxa4 {[%emt 0:00:30]} 24. Nb1 {[%emt 0:00:30]} Ne4 {[%emt 0:00:30]} 25. Nd4 {[%emt 0:00:30]} Ned6 {[%emt 0:00:30]} 26. Rc5 {[%emt 0:00:30]} Nxd4 {[%emt 0:00:30]} 27. Bxd4 {[%emt 0:00:30]} Bf8 {[%emt 0:00:30]} 28. Rfc1 {[%emt 0:00:30]} Nc4 {[%emt 0:00:30]} 29. Rb5 {[%emt 0:00:30]} Rd7 {[%emt 0:00:30]} 30. Rc3 {[%emt 0:00:30]} Nd6 {[%emt 0:00:30]} 31. Rb6 {[%emt 0:00:30]} Nc4 {[%emt 0:00:30]} 1/2-1/2

[Event "Belt Road Women 2019"]
[Site "Shaoxing"]
[Date "2019.07.11"]
[Round "4.14"]
[White "Yan, Tianqi"]
[Black "Zhang, Xiao"]
[Result "1/2-1/2"]
[WhiteElo "2034"]
[BlackElo "2259"]
[Annotator "NA"]
[PlyCount "113"]
[EventDate "2019.07.08"]
[EventType "swiss"]
[EventCountry "CHN"]
[SourceTitle "playchess.com"]
[Source "ChessBase"]
[SourceQuality "1"]
[TimeControl "5400+30"]

1. e4 {[%emt 0:00:00]} c6 {[%emt 0:00:00]} 2. c4 {[%emt 0:00:00]} d5 {[%emt 0:00:00]} 3. exd5 {[%emt 0:00:00]} cxd5 {[%emt 0:00:00]} 4. cxd5 {[%emt 0:00:00]} Nf6 {[%emt 0:01:28]} 5. Qa4+ {[%emt 0:00:48]} Bd7 {[%emt 0:00:40]} 6. Qb3 {[%emt 0:00:20]} Qc7 {[%emt 0:00:33]} 7. Nc3 {[%emt 0:00:26]} Na6 {[%emt 0:03:56]} 8. d4 {[%emt 0:01:38]} e6 {[%emt 0:03:23]} 9. dxe6 Bxe6 {[%emt 0:00:11]} 10. Bb5+ {[%emt 0:02:14]} Kd8 {[%emt 0:07:28]} 11. Qa4 {[%emt 0:04:02]} Nb4 {[%emt 0:01:41]} 12. a3 {[%emt 0:03:17]} Nbd5 {[%emt 0:00:26]} 13. Nge2 {[%emt 0:00:50]} Bd6 {[%emt 0:01:24]} 14. Bd3 {[%emt 0:05:51]} Nxc3 {[%emt 0:02:22]} 15. bxc3 {[%emt 0:01:27]} Bd5 {[%emt 0:00:35]} 16. f3 {[%emt 0:04:42]} Bxh2 {[%emt 0:06:53]} 17. c4 {[%emt 0:05:28]} Bc6 {[%emt 0:10:59]} 18. Qc2 {[%emt 0:00:36]} Bd6 {[%emt 0:02:11]} 19. Bg5 {[%emt 0:02:07]} Qa5+ {[%emt 0:03:50]} 20. Bd2 {[%emt 0:06:14]} Qc7 {[%emt 0:00:13]} 21. Kf2 {[%emt 0:02:55]} h6 {[%emt 0:05:32]} 22. Rhc1 {[%emt 0:11:42]} Rc8 {[%emt 0:03:50]} 23. Bb4 {[%emt 0:03:51]} Bf4 {[%emt 0:02:55]} 24. Bd2 {[%emt 0:05:05]} Bd6 {[%emt 0:03:42]} 25. Be3 {[%emt 0:04:04]} Re8 {[%emt 0:02:09]} 26. Bf5 {[%emt 0:11:44]} Qe7 {[%emt 0:06:16]} 27. Qd3 {[%emt 0:02:22]} Bd7 {[%emt 0:01:05]} 28. Bxd7 {[%emt 0:01:03]} Nxd7 {[%emt 0:04:20]} 29. g3 {[%emt 0:04:49]} Nb6 {[%emt 0:06:51]} 30. Bf4 {[%emt 0:01:14]} Bxf4 {[%emt 0:00:00]} 31. Nxf4 {[%emt 0:00:29]} g5 {[%emt 0:00:00]} 32. Ng2 {[%emt 0:01:47]} Rc6 {[%emt 0:04:18]} 33. Re1 {[%emt 0:02:48]} Re6 {[%emt 0:00:00]} 34. Rxe6 {[%emt 0:01:04]} Qxe6 {[%emt 0:00:00]} 35. d5 {[%emt 0:00:36]} Qc8 {[%emt 0:00:01]} 36. Rc1 {[%emt 0:02:55]} Qc5+ {[%emt 0:00:05]} 37. Kf1 {[%emt 0:00:06]} Kc7 {[%emt 0:01:37]} 38. Qc3 {[%emt 0:05:07]} Kb8 {[%emt 0:01:53]} 39. Qd3 {[%emt 0:01:57]} h5 {[%emt 0:01:54]} 40. Rc3 {[%emt 0:00:37]} Na4 {[%emt 0:01:41]} 41. Rb3 {[%emt 0:00:37]} Qd6 {[%emt 0:00:50]} 42. Rb4 {[%emt 0:01:34]} Nc5 {[%emt 0:00:20]} 43. Qd4 {[%emt 0:00:19]} Na6 {[%emt 0:00:40]} 44. Rb3 {[%emt 0:00:27]} Qxg3 {[%emt 0:00:57]} 45. c5 {[%emt 0:00:26]} Qe5 {[%emt 0:00:55]} 46. Qxe5+ {[%emt 0:00:56]} Rxe5 {[%emt 0:00:01]} 47. c6 {[%emt 0:00:06]} Nc5 {[%emt 0:01:17]} 48. Rc3 {[%emt 0:01:03]} Rxd5 {[%emt 0:00:57]} 49. cxb7 {[%emt 0:00:23]} f6 {[%emt 0:02:08]} 50. Ne3 {[%emt 0:00:16]} Re5 {[%emt 0:05:02]} 51. Nc4 {[%emt 0:00:22]} Re6 {[%emt 0:00:07]} 52. Na5 {[%emt 0:00:32]} Nxb7 {[%emt 0:01:00]} 53. Nc6+ {[%emt 0:00:04]} Ka8 {[%emt 0:00:12]} 54. Nd4 {[%emt 0:00:09]} Re8 {[%emt 0:00:05]} 55. Nb5 {[%emt 0:00:32]} Rf8 {[%emt 0:00:30]} 56. Nc7+ {[%emt 0:00:03]} Kb8 {[%emt 0:00:05]} 57. Na6+ {[%emt 0:00:03]} 1/2-1/2

[Event "Belt Road Women 2019"]
[Site "Shaoxing"]
[Date "2019.07.11"]
[Round "4.15"]
[White "Bai, Xue"]
[Black "Xu, Yuze"]
[Result "1/2-1/2"]
[WhiteElo "2029"]
[BlackElo "2083"]
[Annotator "NA"]
[PlyCount "56"]
[EventDate "2019.07.08"]
[EventType "swiss"]
[EventCountry "CHN"]
[SourceTitle "playchess.com"]
[Source "ChessBase"]
[SourceQuality "1"]
[TimeControl "5400+30"]

1. e4 {[%emt 0:00:00]} c5 {[%emt 0:00:00]} 2. Nf3 {[%emt 0:00:00]} Nc6 {[%emt 0:00:00]} 3. d4 {[%emt 0:00:00]} cxd4 {[%emt 0:00:00]} 4. Nxd4 {[%emt 0:00:00]} g6 {[%emt 0:00:00]} 5. c4 {[%emt 0:00:53]} Nf6 {[%emt 0:00:00]} 6. Nc3 {[%emt 0:00:06]} Nxd4 {[%emt 0:00:03]} 7. Qxd4 {[%emt 0:00:04]} d6 {[%emt 0:00:05]} 8. Be3 {[%emt 0:02:15]} Bg7 {[%emt 0:00:12]} 9. f3 {[%emt 0:01:35]} O-O {[%emt 0:00:10]} 10. Qd2 {[%emt 0:00:14]} a5 {[%emt 0:00:27]} 11. b3 {[%emt 0:02:05]} a4 {[%emt 0:02:58]} 12. b4 {[%emt 0:03:08]} Be6 {[%emt 0:02:47]} 13. Rc1 {[%emt 0:02:59]} Nd7 {[%emt 0:01:29]} 14. a3 {[%emt 0:04:37]} Nb6 {[%emt 0:04:05]} 15. Nd5 {[%emt 0:01:29]} Nxd5 {[%emt 0:00:14]} 16. exd5 {[%emt 0:03:09]} Bd7 {[%emt 0:02:59]} 17. Be2 {[%emt 0:01:57]} e6 {[%emt 0:00:26]} 18. dxe6 {[%emt 0:02:44]} Bxe6 {[%emt 0:00:13]} 19. O-O {[%emt 0:01:48]} d5 {[%emt 0:15:31]} 20. c5 {[%emt 0:03:50]} d4 {[%emt 0:07:52]} 21. Bf2 {[%emt 0:06:23]} Qd5 {[%emt 0:10:37]} 22. Bc4 {[%emt 0:07:53]} Qd7 {[%emt 0:01:39]} 23. Rfd1 {[%emt 0:02:53]} Rfd8 {[%emt 0:04:10]} 24. Bh4 {[%emt 0:08:06]} Rdc8 {[%emt 0:02:08]} 25. Bg3 {[%emt 0:04:03]} Re8 {[%emt 0:00:39]} 26. Bf2 {[%emt 0:01:10]} Red8 {[%emt 0:00:11]} 27. Qd3 {[%emt 0:03:48]} Bf5 {[%emt 0:00:55]} 28. Qd2 {[%emt 0:00:15]} Be6 {[%emt 0:00:06]} 1/2-1/2